RETIREMENT PLANNING, (Record no. 6487)

MARC details
005 - DATE AND TIME OF LATEST TRANSACTION
control field 20250701075425.0
020 ## - INTERNATIONAL STANDARD BOOK NUMBER
International Standard Book Number 1-55013-891-X
082 ## - DEWEY DECIMAL CLASSIFICATION NUMBER
Classification number 332.024'01 DEL.
111 ## - MAIN ENTRY--MEETING NAME
Meeting name or jurisdiction name as entry element DELOITE & TOUCHE.
245 ## - TITLE STATEMENT
Title RETIREMENT PLANNING,
260 ## - PUBLICATION, DISTRIBUTION, ETC.
Place of publication, distribution, etc. Ottawa,
Name of publisher, distributor, etc. Key Porter Books,
Date of publication, distribution, etc. 1998.
300 ## - PHYSICAL DESCRIPTION
Extent 336p.; Ill.; picture
Other physical details Index,
Dimensions 27cm.
942 ## - ADDED ENTRY ELEMENTS (KOHA)
Source of classification or shelving scheme Dewey Decimal Classification
Koha item type Books
Holdings
Date last seen Total checkouts Full call number Barcode Cost, replacement price Price effective from Koha item type Lost status Source of classification or shelving scheme Damaged status Not for loan Withdrawn status Home library Current library Shelving location Date acquired Cost, normal purchase price
07/01/2025   332.024'01 DOM0003508 150000.00 07/01/2025 Books   Dewey Decimal Classification       CBE Dodoma CBE Dodoma General Collection 07/01/2002 50000.00